000 00746nam a2200241 a 4500
001 60754
003 BD-RjUL
005 20211209080859.0
008 170102s1963 ohuab b 001 0 eng
035 _a(BD-RjUL)60878
035 _a(OCoLC)395946
040 _aDLC
_cOYU
_dBD-RjUL
_beng
041 _aeng
082 _a388.0973
_223
_bNOM 1965
100 1 _aNorton, Hugh Stanton,
_d1921-
_9181009
245 1 0 _aModern transportation economics /
_cHugh S. Norton.
260 _aColumbus, Ohio :
_bC. E. Merrill Books,
_c1963 [printing 1965]
300 _axii, 463 p. :
_bill. ;
_c24 cm.
504 _aIncludes bibliographical references and index.
650 0 _aTransportation
_zUnited States.
_9181010
942 _2ddc
_cBK
999 _c60754
_d60754